Online
Catalog

Panorama de las letras norteamericanas : (Record no. 2971)

MARC details
000 -CABECERA
campo de control de longitud fija 00735cam a2200205 a 4500
001 - NÚMERO DE CONTROL
campo de control 000003140
005 - FECHA Y HORA DE LA ÚLTIMA TRANSACCIÓN
campo de control 20200929150336.0
008 - DATOS DE LONGITUD FIJA--INFORMACIÓN GENERAL
campo de control de longitud fija 720717s1966 ck a 001 m spa
040 ## - FUENTE DE LA CATALOGACIÓN
Centro catalogador/agencia de origen DO-SdBNP
Lengua de catalogación spa
Centro/agencia transcriptor BNPHU
041 17 - CÓDIGO DE LENGUA
Código de lengua del texto/banda sonora o título independiente spa
Código de lengua original eng
082 ## - NÚMERO DE LA CLASIFICACIÓN DECIMAL DEWEY
Número de clasificación 810.9
Número de documento/Ítem F654p
100 1# - ENTRADA PRINCIPAL--NOMBRE DE PERSONA
Nombre de persona Foerster, Norman,
Fechas asociadas al nombre 1887-
9 (RLIN) 9908
240 10 - TÍTULO UNIFORME
Título uniforme Image of America.
Lenguaje de la obra Español
245 10 - MENCIÓN DE TÍTULO
Título Panorama de las letras norteamericanas :
Resto del título su literatura desde el puritanismo a nuestros días /
Mención de responsabilidad, etc. Norman Foerster ; traductora, Nuria Pares.
260 ## - PUBLICACIÓN, DISTRIBUCIÓN, ETC.
Lugar de publicación, distribución, etc. Cali :
Nombre del editor, distribuidor, etc. Norma,
Fecha de publicación, distribución, etc. 1966.
300 ## - DESCRIPCIÓN FÍSICA
Extensión 215 p. :
Otras características físicas il. ;
Dimensiones 21 cm.
534 ## - NOTA SOBRE LA VERSIÓN ORIGINAL
Frase introductoria Título original:
Mención de título del original Image of America
650 #4 - PUNTO DE ACCESO ADICIONAL DE MATERIA--TÉRMINO DE MATERIA
Término de materia o nombre geográfico como elemento de entrada Literatura estadounidense
Subdivisión general Historia y crítica
9 (RLIN) 6786
700 1# - PUNTO DE ACCESO ADICIONAL--NOMBRE DE PERSONA
Nombre de persona Pares, Nuria,
Término indicativo de función/relación tr.
9 (RLIN) 9909
Holdings
Estado de retiro Estado de pérdida Restricciones de uso No para préstamo Código de colección Localización permanente Ubicación/localización actual Ubicación en estantería Fecha de adquisición Número de inventario Total de préstamos Signatura topográfica completa Código de barras Fecha visto por última vez Precio válido a partir de Tipo de ítem Koha
    Préstamo interno   Monografías: Libros y Folletos General General Depósito 06.07.2009 LF1   810.9 F654p 3140-10 25.06.2020 25.06.2020 Préstamo interno

Powered by Koha